000 01077nam a22003137a 4500
003 CHAP
005 20220329135618.0
008 971013s1982 r 00010 d
010 _a39294
011 _a40266
035 _a44391
040 _cCHAP
090 _aTesis
100 0 0 _aMonge Villalobos, Luis Alberto.
_977515
245 _aEfecto de prácticas culturales sobre la poblaciones de insectos y daño causado al cultivo del Repollo (Brassica oleracea Var. capitata)
260 _aChapingo, Méx. :
_bEl autor,
_c1982
300 _a68 h.
_b; gráfs
502 _aTesis (M.C. Esp. en Entomología) -- CP. Centro de Entomología
590 _aALEPH
_b10
_c20130110
_lUCH01
_h1307
590 _aBATCH-UPD
_b10
_c20130110
_lUCH01
_h1542
590 _aBATCH-UPD
_b10
_c20130410
_lUCH01
_h0944
590 _aBATCH-UPD
_b10
_c20130914
_lUCH01
_h1000
590 _aCONVERSION
_b10
_c20130109
_lUCH01
_h1322
650 1 4 _aCol
_xPlagas.
_924494
650 1 4 _aControl biológico de insectos.
_927582
901 _aBK
942 _cTESIS
949 _bBC
_cTES
_d-101714
_eTS1
_i44391
_si
999 _c39294
_d39294